000
00344nam a2200169Ia 4500
008
210210b xxu||||| |||| 00| 0 eng d
041
_a
eng
082
_a
828/114
100
_a
BURKE (T)
245
_a
Son of London
260
_a
London
_b
-
_c
650
_a
Son
650
_a
of
650
_a
London
690
_a
Biography
906
_a
015959
999
_c
135348
_d
135348